[Event "only the better players (knockout)"]
[Site "SchemingMind.com"]
[Date "2019.03.27"]
[Round "-"]
[White "sbb"]
[Black "joopsim"]
[Result "1/2-1/2"]
[WhiteCountry "USA"]
[BlackCountry "NED"]
[WhiteElo "2551"]
[WhiteRD "84"]
[BlackElo "2576"]
[BlackRD "118"]
[GameID "439636"]

1. d4 Nf6 2. Nf3 c5 3. d5 e6 4. Nc3 b5 5. dxe6 fxe6 6. e4 b4 7. Nb5 a6 8. Nd6+ Bxd6 9. Qxd6 Nxe4 10. Qe5 Bb7
11. Qxg7 Qf6 12. Qxf6 Nxf6 13. Bg5 Rf8 14. Nd2 d5 15. g3 Nc6 16. Be2 a5 17. Be3 c4 18. O-O Kf7 19. f4 Ba6 20. Bc5 Rfb8
21. Rab1 b3 22. axb3 cxb3 23. Bxa6 bxc2 24. Rbc1 Rxa6 25. Rxc2 Nb4 26. Bxb4=
1/2-1/2

[Event "only the better players (knockout)"]
[Site "SchemingMind.com"]
[Date "2019.03.27"]
[Round "-"]
[White "joopsim"]
[Black "sbb"]
[Result "1/2-1/2"]
[WhiteCountry "NED"]
[BlackCountry "USA"]
[WhiteElo "2576"]
[WhiteRD "118"]
[BlackElo "2551"]
[BlackRD "84"]
[GameID "439637"]

1. e4 e5 2. Nf3 Nc6 3. Bc4 Bc5 4. d3 Nf6 5. c3 d6 6. O-O O-O 7. h3 a5 8. Re1 Be6 9. Bb5 Ba7 10. Nbd2 Ne7
11. d4 Ng6 12. Ba4 Nh5 13. Nf1 exd4 14. cxd4 Nhf4 15. Bc2 d5 16. Bxf4 Nxf4 17. e5 f6 18. Qd2 fxe5 19. Rxe5 Bd7 20. Rae1 c6=
21. N1h2 Bb8 22. R5e3 Bd6 23. a3 c5 24. dxc5 Bxc5 25. Bxh7+ Kxh7 26. Qc2+ Bf5 27. Qxc5 Nd3 28. Rxd3 Bxd3 29. Qe3 Bf5 30. g4 Be4
31. Ng5+ Kg8 32. Ne6 Qh4 33. Nxf8 Rxf8 34. Qg3 Qxg3+ 35. fxg3 Rf6= 36. Re3 Rb6 37. b3 Bc2 38. Nf3 Rxb3 39. Kf2 Bd3 40. Ke1 Rb1+
41. Kd2 Bc4 42. g5=
1/2-1/2

[Event "only the better players (knockout)"]
[Site "SchemingMind.com"]
[Date "2020.01.08"]
[Round "-"]
[White "frankly"]
[Black "Matthew Bailey"]
[Result "1/2-1/2"]
[WhiteCountry "ENG"]
[BlackCountry "ENG"]
[WhiteElo "2586"]
[WhiteRD "70"]
[BlackElo "2478"]
[BlackRD "60"]
[GameID "450040"]

1. e4 e5 2. Nf3 Nc6 3. Bb5 Nf6 4. O-O Nxe4 5. d4 Nd6 6. Bxc6 dxc6 7. dxe5 Nf5 8. Qxd8+ Kxd8 9. Nc3 Ke8 10. Rd1 Be7
11. Bf4 h6 12. h3 g5 13. Bd2 Ng7 14. Ne4 Bf5 15. Nf6+ Kf8 16. Rac1 c5 17. h4 g4 18. Nh2 h5 19. Kf1 Ne6 20. g3 Rd8
21. c4 Bd3+ 22. Ke1 c6 23. f3 gxf3 24. Nxf3 Kg7 25. Kf2 Bf5 26. Rg1 Kg6 27. g4 hxg4 28. Nxg4 Rxd2+ 29. Nxd2 Bxh4+ 30. Ke2 Nd4+
31. Kd1 Bxg4+ 32. Rxg4+ Bg5 33. Rg1 Rh2 34. Ne4 Nf3 35. Rg3 Rh1+ 36. Ke2 Rxc1 37. Rxf3 Rxc4 38. Nxg5 Kxg5 39. Rxf7=
1/2-1/2

[Event "only the better players (knockout)"]
[Site "SchemingMind.com"]
[Date "2020.01.09"]
[Round "-"]
[White "Matthew Bailey"]
[Black "frankly"]
[Result "1/2-1/2"]
[WhiteCountry "ENG"]
[BlackCountry "ENG"]
[WhiteElo "2478"]
[WhiteRD "60"]
[BlackElo "2586"]
[BlackRD "70"]
[GameID "450041"]

1. d4 Nf6 2. c4 e6 3. Nf3 d5 4. Nc3 c6 5. e3 Nbd7 6. Qc2 Bd6 7. Bd3 O-O 8. O-O dxc4 9. Bxc4 b5 10. Bd3 Bb7
11. e4 e5 12. h3 Re8 13. Nxe5 Nxe5 14. dxe5 Bxe5 15. Be3 a6 16. a4 Qe7 17. Ne2 Bd6 18. Nd4 g6 19. Nf3 Nd7 20. Rfd1 Rac8
21. Bf1 Red8 22. Bg5 f6 23. Be3 Kh8 24. Be2 Kg7 25. Qc3 Bb4 26. Qc2 a5 27. Rd3 c5 28. Rad1 bxa4 29. Qxa4 Bc6 30. Qc2 Re8
31. e5 Nxe5 32. Nxe5 Qxe5 33. Qc1 c4 34. Bh6+ Kh8 35. Re3 Qc5 36. Rxe8+ Rxe8 37. Bxc4 Qf5 38. Bf1 Qe4 39. h4 Ba4 40. Qc7 Qe7
41. Qxe7 Rxe7=
1/2-1/2

[Event "only the better players (knockout)"]
[Site "SchemingMind.com"]
[Date "2020.05.03"]
[Round "-"]
[White "Ilang"]
[Black "William Lindberg"]
[Result "1-0"]
[WhiteCountry "HUN"]
[BlackCountry "USA"]
[WhiteElo "2490"]
[WhiteRD "128"]
[BlackElo "2443"]
[BlackRD "62"]
[GameID "454533"]

1. e4 e5 2. Nf3 Nc6 3. Bb5 a6 4. Ba4 Nf6 5. O-O Be7 6. Re1 b5 7. Bb3 O-O 8. c3 d6 9. h3 Bb7 10. d3 d5
11. exd5 Nxd5 12. Nxe5 Nxe5 13. Rxe5 Bf6 14. Re1 Re8 15. Rxe8+ Qxe8 16. Nd2 Ne3 17. Qe2 Nxg2 18. Ne4 Nh4 19. Qg4 Qe7 20. Be3 Re8
21. a4 b4 22. cxb4 Kh8 23. Rd1 Rd8 24. Bc4 Qe5 25. Rb1 Bc8 26. Bf4 Qe7 27. Qh5 g6 28. Qc5 Nf3+ 29. Kg2 Nh4+ 30. Kg3 Qd7
31. Rh1 Nf5+ 32. Kh2 Nh4 33. Qe3 Bg7 34. Ng5 Rf8 35. Nxf7+ Rxf7 36. Bxf7 Qxf7 37. Rc1 c5 38. Rxc5 Bd7 39. b5 axb5 40. axb5 Nf5
41. Qe4 h6 42. b6 Nd4 43. b7 Ne6 44. b8=Q+ Kh7 45. Rc2 Nd4 46. Rc7 Ne6 47. Qc4 Qe7 48. Qd5 Nf8 49. Qbb3 g5 50. Bd6 Qf6
51. Bxf8 Qxf2+ 52. Qg2 Qxf8 53. Rxd7 Qf4+ 54. Kh1 Qc1+ 55. Qg1 Qc6+ 56. Qd5 Qf6 57. Qb1 Qg6 58. Qba2
1-0

[Event "only the better players (knockout)"]
[Site "SchemingMind.com"]
[Date "2020.05.02"]
[Round "-"]
[White "William Lindberg"]
[Black "Ilang"]
[Result "1/2-1/2"]
[WhiteCountry "USA"]
[BlackCountry "HUN"]
[WhiteElo "2443"]
[WhiteRD "62"]
[BlackElo "2490"]
[BlackRD "128"]
[GameID "454534"]

1. c4 e5 2. Nc3 Nf6 3. Nf3 Nc6 4. g3 d5 5. cxd5 Nxd5 6. Bg2 Nb6 7. O-O Be7 8. d3 O-O 9. a3 Be6 10. Be3 a5
11. Bxb6 cxb6 12. e3 Qd7 13. d4 exd4 14. Nxd4 Nxd4 15. exd4 b5 16. Re1 b4 17. Na4 Rad8 18. Nc5 Qxd4 19. Qxd4 Rxd4 20. Nxe6 fxe6
21. Rxe6 Bc5 22. axb4 Bxb4 23. Re2 b6 24. Rc1 Bc5 25. Bb7 g6 26. h4 Kg7=
1/2-1/2

[Event "only the better players (knockout)"]
[Site "SchemingMind.com"]
[Date "2020.08.22"]
[Round "-"]
[White "AussieMossie"]
[Black "Giraldo Menendez Rodriguez"]
[Result "1/2-1/2"]
[WhiteCountry "AUS"]
[BlackCountry "CUB"]
[WhiteElo "2553"]
[WhiteRD "68"]
[BlackElo "2544"]
[BlackRD "80"]
[GameID "459216"]

1. e4 c5 2. Nf3 d6 3. d4 cxd4 4. Nxd4 Nf6 5. Nc3 a6 6. Be2 e5 7. Nb3 Be6 8. Be3 Nbd7 9. f4 Qc7 10. f5 Bc4
11. a3 b5 12. Bxc4 Qxc4 13. Qd3 Rc8 14. O-O-O g6 15. Rhf1 gxf5 16. Rxf5 Rg8 17. g3 Qxd3 18. Rxd3 Ke7 19. Kb1 Ke6 20. Rf1 Rg6
21. Nd2 Nc5 22. Bxc5 dxc5 23. Nd5 c4 24. Rdf3 Bg7 25. R3f2 Rd8 26. Nc7+ Ke7 27. Ka2 Rd6 28. Nd5+ Ke6 29. Nxf6 Rxf6 30. Nf3 h6=
1/2-1/2

[Event "only the better players (knockout)"]
[Site "SchemingMind.com"]
[Date "2020.08.22"]
[Round "-"]
[White "Giraldo Menendez Rodriguez"]
[Black "AussieMossie"]
[Result "1/2-1/2"]
[WhiteCountry "CUB"]
[BlackCountry "AUS"]
[WhiteElo "2544"]
[WhiteRD "80"]
[BlackElo "2553"]
[BlackRD "68"]
[GameID "459217"]

1. Nf3 Nf6 2. c4 c5 3. Nc3 e6 4. g3 Nc6 5. Bg2 Be7 6. O-O O-O 7. d4 d5 8. dxc5 Bxc5 9. cxd5 Nxd5 10. Qc2 Nxc3
11. Qxc3 Qe7 12. Be3 Bxe3 13. Qxe3 e5 14. Rfd1 f6 15. Nd2 Be6 16. Bxc6 bxc6 17. b3 Rfd8 18. Ne4 Rxd1+ 19. Rxd1 Rd8 20. Rd2 Bf5
21. Rxd8+ Qxd8 22. f3=
1/2-1/2

[Event "only the better players (knockout)"]
[Site "SchemingMind.com"]
[Date "2020.09.06"]
[Round "-"]
[White "The Chess Machine"]
[Black "Juan Jose Rivas Maceda"]
[Result "1/2-1/2"]
[WhiteCountry "ENG"]
[BlackCountry "PER"]
[WhiteElo "2497"]
[WhiteRD "88"]
[BlackElo "2554"]
[BlackRD "81"]
[GameID "459743"]

1. d4 d5 2. c4 e6 3. Nc3 Nf6 4. cxd5 exd5 5. Bg5 c6 6. e3 Be7 7. Bd3 O-O 8. h3 Ne4 9. Bf4 Bf5 10. Bxe4 Bxe4
11. Nxe4 dxe4 12. Ne2 Na6 13. a3 Nc7 14. Bxc7 Qxc7 15. Qc2 f5 16. O-O-O Bd6 17. Kb1 Qf7 18. Rhf1 Rab8 19. f4 exf3 20. Rxf3 Rbe8
21. d5 cxd5 22. Nd4 Re5 23. g4 Qc7 24. Rxf5 Qxc2+ 25. Kxc2 Rxe3 26. Rxd5 Bf4 27. Rd7 Be5 28. Nf5=
1/2-1/2

[Event "only the better players (knockout)"]
[Site "SchemingMind.com"]
[Date "2020.09.06"]
[Round "-"]
[White "Juan Jose Rivas Maceda"]
[Black "The Chess Machine"]
[Result "1/2-1/2"]
[WhiteCountry "PER"]
[BlackCountry "ENG"]
[WhiteElo "2554"]
[WhiteRD "81"]
[BlackElo "2497"]
[BlackRD "88"]
[GameID "459744"]

1. e4 e5 2. Nf3 Nc6 3. Bb5 a6 4. Ba4 Nf6 5. O-O Nxe4 6. d4 b5 7. Bb3 d5 8. dxe5 Be6 9. Nbd2 Nc5 10. c3 Be7
11. Bc2 d4 12. Ne4 d3 13. Nxc5 dxc2 14. Qxd8+ Rxd8 15. Nxe6 fxe6 16. Be3 Rd5 17. Rac1 Nxe5 18. Nxe5 Rxe5 19. Rxc2 Kf7 20. c4 b4
21. Rd1 Rd8 22. Rxd8 Bxd8 23. Kf1 Bg5 24. Bd4 Ra5 25. b3 e5 26. Ba7 Ke6 27. Ke2 e4 28. g3 h5 29. f3 exf3+ 30. Kxf3 Rf5+
31. Ke4 Re5+ 32. Kd3 c5 33. Re2 Rxe2 34. Kxe2 Be7 35. h3 Kf5=
1/2-1/2

[Event "only the better players (knockout)"]
[Site "SchemingMind.com"]
[Date "2020.09.11"]
[Round "-"]
[White "The Knight Rider"]
[Black "The Stonewall"]
[Result "1-0"]
[WhiteCountry "IND"]
[BlackCountry "ENG"]
[WhiteElo "2554"]
[WhiteRD "114"]
[BlackElo "2417"]
[BlackRD "73"]
[GameID "459760"]

1. e4 e6 2. d4 d5 3. Nd2 c5 4. Ngf3 cxd4 5. exd5 Qxd5 6. Bc4 Qd6 7. O-O Nf6 8. Nb3 Nc6 9. Re1 a6 10. Nbxd4 Nxd4
11. Nxd4 Qc7 12. Qe2 h6 13. g3 b5 14. Bd3 Bc5 15. Bf4 Qb6 16. Nb3 Bb7 17. Nxc5 Qxc5 18. a4 b4 19. Be5 Qc6 20. f3 Rc8
21. c3 bxc3 22. Bxc3 O-O 23. Qe3 Nd5 24. Qe4 g6 25. Be5 Rfd8 26. Bf1 Qc5+ 27. Qd4 Qxd4+ 28. Bxd4 Nb4 29. Bf6 Nc2 30. Red1 Rxd1
31. Rxd1 Ne3 32. Rd6 Nxf1 33. Kxf1 Bc6 34. Kf2 Kh7 35. h4 g5 36. h5 Bxa4 37. Rxa6 Be8 38. Rb6 Kg8 39. b4 Kf8 40. Ke3 Rc1
41. Rb8 Rb1 42. Kf2 Rb3 43. Ke2 Rb1 44. g4 Rb3 45. Kf2 Rb1 46. Ke3 Rb3+ 47. Ke4 Rb1 48. Kd4 Rb3 49. Ke4 Rb1 50. Kd3 Rf1
51. Ke2 Rb1 52. Kd2 Rb3 53. Bc3 Ke7 54. f4 f6 55. Rb7+ Kd6 56. Rh7 Rb1 57. Rxh6 Rg1 58. Rxf6 Rxg4 59. h6 gxf4 60. h7 Rh4
61. Rf8 Rh2+ 62. Ke1 Rxh7 63. Rxe8 Kd5 64. Rc8 Ke4 65. Rc5 Ke3 66. Kf1 Kf3 67. Kg1 Rh6 68. b5 Rg6+ 69. Kf1 Rh6 70. Bd4 Ke4
71. Bg1 e5 72. Rc3 Rd6 73. Ke2 Rd5 74. Rc4+ Kf5 75. Rb4
1-0

[Event "only the better players (knockout)"]
[Site "SchemingMind.com"]
[Date "2020.09.11"]
[Round "-"]
[White "The Stonewall"]
[Black "The Knight Rider"]
[Result "1/2-1/2"]
[WhiteCountry "ENG"]
[BlackCountry "IND"]
[WhiteElo "2417"]
[WhiteRD "73"]
[BlackElo "2554"]
[BlackRD "114"]
[GameID "459761"]

1. e4 c5 2. Nf3 d6 3. Bb5+ Bd7 4. Bxd7+ Nxd7 5. O-O Ngf6 6. Qe2 e6 7. d4 cxd4 8. Nxd4 Be7 9. c4 a6 10. b3 Qa5
11. Bb2 h5 12. Nc3 g5 13. f3 h4 14. Nd1 O-O-O 15. Bc3 Qc7 16. Nf2 Nh5 17. Rfd1 Bf6 18. Rac1 Kb8 19. Qe1 Rc8 20. Ba5 Qc5
21. Bb4 Qb6 22. Nc2 Be5 23. Qe3 Nc5 24. Nd3 Bf4 25. Nxf4 gxf4 26. Qd4 Rhd8 27. Bxc5 Qxc5 28. Qxc5 dxc5 29. Kf2 f6 30. Ke2 Kc7
31. Rxd8 Rxd8 32. Rd1 Rf8 33. Kf2 Kc6 34. Ne1 e5 35. Nd3 Rh8 36. Kf1 Rb8 37. Kf2 Rh8 38. Kf1 Ra8 39. Nf2 b5 40. Ng4 bxc4
41. bxc4 Rb8 42. Ke2 Rb2+ 43. Rd2 Rb4 44. Kd3 Ra4 45. Rc2 Ra3+ 46. Ke2 Kc7 47. Kf2 a5 48. Ke2 Kd6 49. Rd2+ Kc6 50. Rc2 Ng7
51. h3 Ne8 52. Nh6 Ng7 53. Ng4 Ne8 54. Nh6 Nd6 55. Ng4 Ra4 56. Kd3 Ra3+ 57. Ke2 Ra4=
1/2-1/2

[Event "only the better players (knockout)"]
[Site "SchemingMind.com"]
[Date "2020.09.15"]
[Round "-"]
[White "AussieMossie"]
[Black "Matthew Bailey"]
[Result "1/2-1/2"]
[WhiteCountry "AUS"]
[BlackCountry "ENG"]
[WhiteElo "2576"]
[WhiteRD "69"]
[BlackElo "2580"]
[BlackRD "61"]
[GameID "460070"]

1. e4 e5 2. Nf3 Nf6 3. Nxe5 d6 4. Nf3 Nxe4 5. d4 d5 6. Bd3 Bd6 7. O-O O-O 8. Re1 Bf5 9. c4 c6 10. Qc2 Na6
11. a3 Bg6 12. c5 Bb8 13. Nc3 f5 14. Ne2 Nc7 15. Nf4 Be8 16. h4 b6 17. b4 Qf6 18. cxb6 axb6 19. b5 Nxb5 20. Bxb5 cxb5
21. Nxd5 Qd8 22. Nf4 Bf7 23. Qc6 Bxf4 24. Bxf4 Bc4 25. Qc7 Ra4 26. Ng5 Qxd4 27. Be3 Qd8 28. Qxd8 Rxd8 29. Bxb6 Rc8 30. Nxe4 fxe4
31. Rac1 Rxa3 32. Rxe4 Raa8 33. Rd1 Ra6 34. Bd4 Rd6 35. Rc1 g6 36. Kh2 Rdc6=
1/2-1/2

[Event "only the better players (knockout)"]
[Site "SchemingMind.com"]
[Date "2020.09.15"]
[Round "-"]
[White "Matthew Bailey"]
[Black "AussieMossie"]
[Result "1/2-1/2"]
[WhiteCountry "ENG"]
[BlackCountry "AUS"]
[WhiteElo "2580"]
[WhiteRD "61"]
[BlackElo "2576"]
[BlackRD "69"]
[GameID "460071"]

1. e4 e5 2. Nf3 Nc6 3. d4 exd4 4. Nxd4 Nf6 5. Nxc6 bxc6 6. e5 Qe7 7. Qe2 Nd5 8. c4 Ba6 9. b3 g6 10. f4 d6
11. Qf2 Nb6 12. Be2 dxe5 13. O-O O-O-O 14. Bb2 Bg7 15. Re1 Rhe8 16. Bxe5 f5 17. Bf3 Bxe5 18. fxe5 Qb4 19. e6 Bb7 20. c5 Nd5
21. a3 Qf4 22. Ra2 Qg5 23. Bxd5 Rxd5 24. Rae2 Ba6 25. Re3 f4 26. Re4 Bd3 27. h4 Qg3 28. Qxf4 Qxf4 29. Rxf4 Bxb1 30. Rxb1 Rxe6
31. b4 Re3 32. a4 Re2 33. Rg4 Re6 34. Rc4 g5 35. h5 Rh6 36. g4 Re6 37. Rb2 Re3 38. Kf2 Rdd3 39. Re2 Rf3+ 40. Kg2 Rg3+
41. Kf1 Rdf3+ 42. Rf2 Ra3 43. Rf7 Ra1+ 44. Kf2 Rb3 45. Re4 h6 46. b5 Kb7 47. Rh7=
1/2-1/2

[Event "only the better players (knockout)"]
[Site "SchemingMind.com"]
[Date "2020.09.19"]
[Round "-"]
[White "Keithk"]
[Black "Ramesh Panwar"]
[Result "0-1"]
[WhiteCountry "ENG"]
[BlackCountry "IND"]
[WhiteElo "2320"]
[WhiteRD "67"]
[BlackElo "2575"]
[BlackRD "84"]
[GameID "460253"]

1. e4 c5 2. Nc3 Nc6 3. Nf3 e6 4. d4 cxd4 5. Nxd4 Nf6 6. Nxc6 bxc6 7. e5 Nd5 8. Ne4 Qc7 9. f4 Qb6 10. c4 Ne3
11. Qd3 Nf5 12. g4 Nd4 13. Bg2 h5 14. g5 h4 15. Bd2 h3 16. Bxh3 Qxb2 17. Kf2 Qc2 18. Qxd4 Rxh3 19. Rhc1 Qa4
0-1

[Event "only the better players (knockout)"]
[Site "SchemingMind.com"]
[Date "2020.09.19"]
[Round "-"]
[White "Ramesh Panwar"]
[Black "Keithk"]
[Result "1-0"]
[WhiteCountry "IND"]
[BlackCountry "ENG"]
[WhiteElo "2575"]
[WhiteRD "84"]
[BlackElo "2320"]
[BlackRD "67"]
[GameID "460254"]

1. d4 d5 2. c4 c6 3. Nc3 Nf6 4. e3 e6 5. Nf3 Nbd7 6. Bd3 dxc4 7. Bxc4 b5 8. Bd3 Bb7 9. O-O a6 10. e4 c5
11. d5 Qc7 12. dxe6 fxe6 13. Ng5 Qc6 14. Be2 b4 15. Na4 h6 16. Nh3 Rd8 17. Nf4 Ne5 18. Qc2 c4 19. Be3
1-0

[Event "only the better players (knockout)"]
[Site "SchemingMind.com"]
[Date "2020.09.24"]
[Round "-"]
[White "The Chess Machine"]
[Black "sbb"]
[Result "1/2-1/2"]
[WhiteCountry "ENG"]
[BlackCountry "USA"]
[WhiteElo "2536"]
[WhiteRD "87"]
[BlackElo "2502"]
[BlackRD "91"]
[GameID "460516"]

1. d4 Nf6 2. Nf3 g6 3. c4 Bg7 4. Nc3 d5 5. Bg5 Ne4 6. Bh4 Nxc3 7. bxc3 dxc4 8. Qa4+ Qd7 9. Qxc4 b6 10. e3 Ba6
11. Qb3 Bxf1 12. Kxf1 O-O 13. Ke2 Nc6 14. Rhd1 Na5 15. Qb4 e6 16. Rac1 h6 17. c4 Rfc8 18. c5 Nc6 19. Qb3=
1/2-1/2

[Event "only the better players (knockout)"]
[Site "SchemingMind.com"]
[Date "2020.10.24"]
[Round "-"]
[White "The Chess Machine"]
[Black "AussieMossie"]
[Result "1/2-1/2"]
[WhiteCountry "ENG"]
[BlackCountry "AUS"]
[WhiteElo "2540"]
[WhiteRD "88"]
[BlackElo "2578"]
[BlackRD "72"]
[GameID "461378"]

1. e4 e5 2. Nf3 Nc6 3. Bc4 Nf6 4. d3 Bc5 5. c3 O-O 6. O-O d6 7. h3 h6 8. Re1 a5 9. Nbd2 Be6 10. Bb5 Qb8
11. Bxc6 bxc6 12. d4 exd4 13. cxd4 Bb6 14. b3 d5 15. e5 Nd7 16. Nf1 c5 17. Ng3 cxd4 18. Nh5 Kh8 19. Bxh6 gxh6 20. Qd2 Kh7=
1/2-1/2

[Event "only the better players (knockout)"]
[Site "SchemingMind.com"]
[Date "2020.10.24"]
[Round "-"]
[White "AussieMossie"]
[Black "The Chess Machine"]
[Result "1/2-1/2"]
[WhiteCountry "AUS"]
[BlackCountry "ENG"]
[WhiteElo "2578"]
[WhiteRD "72"]
[BlackElo "2540"]
[BlackRD "88"]
[GameID "461379"]

1. e4 e5 2. Nf3 Nc6 3. Bb5 a6 4. Ba4 Nf6 5. O-O Nxe4 6. d4 b5 7. Bb3 d5 8. dxe5 Be6 9. c3 Bc5 10. Qd3 O-O
11. Be3 Re8 12. Rd1 f6 13. Bc2 Qe7 14. Nbd2 Bxe3 15. Nxe4 dxe4 16. Qxe4 Bxf2+ 17. Kxf2 Nxe5 18. Qxh7+ Kf8 19. Nxe5 Qc5+ 20. Rd4 Qxe5
21. Qh8+=
1/2-1/2

[Event "only the better players (knockout)"]
[Site "SchemingMind.com"]
[Date "2021.02.10"]
[Round "-"]
[White "Ramesh Panwar"]
[Black "Robert Bruce"]
[Result "1-0"]
[WhiteCountry "IND"]
[BlackCountry "SCO"]
[WhiteElo "2554"]
[WhiteRD "92"]
[BlackElo "2472"]
[BlackRD "72"]
[GameID "708038"]

1. e4 d6 2. d4 Nf6 3. Nc3 g6 4. Be3 c6 5. Nf3 Bg7 6. a4 a5 7. h3 O-O 8. Be2 Nbd7 9. O-O e5 10. dxe5 dxe5
11. Qd6 Ne8 12. Qa3 Bf6 13. Rad1 Be7 14. Qa2 Nd6 15. Kh1 Kg7 16. Qa1 f6 17. b3 Nf7 18. Bc4 Bb4 19. Na2 Be7 20. Nc1 Nd6
21. Nd2 Nxc4 22. Nxc4 Qc7 23. Nd3 h6 24. f4 b5 25. Nd2 g5 26. fxe5 Nxe5 27. Nf3 Nxf3 28. Rxf3 Kh7 29. Rff1 b4 30. Bc5 Be6
31. Bxe7 Qxe7 32. Qd4 f5 33. Nc5 Rae8 34. Nxe6 Qxe6 35. exf5 Rxf5 36. Qd3 Rf8 37. Rfe1 Qf7 38. Qe4 Re8= 39. Qxe8 Rf1+ 40. Rxf1 Qxe8
41. Rfe1 Qf7 42. Rf1 Qg7 43. Rfe1 c5 44. Rd6 Qf8 45. Rd7+ Kg6 46. Re6+ Kf5 47. Ree7 Qg8 48. Rf7+ Ke6 49. Rde7+ Kd5 50. Rf5+ Kd4
51. Rc7 g4 52. Rf4+ Kc3 53. Rxc5+ Kb2 54. Rxg4 Qd8 55. Rf4 h5 56. Rcc4 Qd1+ 57. Kh2 Qd6 58. h4 Qe5 59. Kg3 Qe3+ 60. Rf3 Qe5+
61. Kf2 Qe6 62. Rff4 Qb6+ 63. Kf1 Qe3 64. Rfe4 Qc1+ 65. Re1 Qh6 66. Re2 Qd6 67. Kf2 Qb6+ 68. Kg3 Qg6+ 69. Kh2 Qf7 70. g3 Qb7
71. Rc5 Qa7 72. Rxh5 Ka3 73. Rf5 Qd7 74. Rxa5
1-0

[Event "only the better players (knockout)"]
[Site "SchemingMind.com"]
[Date "2021.02.12"]
[Round "-"]
[White "Robert Bruce"]
[Black "Ramesh Panwar"]
[Result "1/2-1/2"]
[WhiteCountry "SCO"]
[BlackCountry "IND"]
[WhiteElo "2478"]
[WhiteRD "72"]
[BlackElo "2557"]
[BlackRD "86"]
[GameID "708039"]

1. d4 Nf6 2. c4 e6 3. g3 d5 4. Nf3 dxc4 5. Bg2 Bb4+ 6. Bd2 c5 7. Bxb4 cxb4 8. Ne5 Nd5 9. Nxc4 O-O 10. Nbd2 Bd7
11. Ne4 Bb5 12. Rc1 Nc6 13. O-O Bxc4 14. Rxc4 Nb6 15. Rc2 Qxd4 16. Nd6 Qxd1 17. Rxd1 Rfd8 18. Rdd2 g5 19. Nxb7 Rxd2 20. Rxd2 Ne5
21. Rc2 Rc8 22. Rxc8+ Nxc8 23. Nc5 a5 24. f4 gxf4 25. gxf4 Ng6= 26. Nd3 Nd6 27. Kf2 Ne7 28. e4 Kg7 29. Ke3 Nc6 30. b3 Nb5
31. Nc1 e5=
1/2-1/2

[Event "only the better players (knockout)"]
[Site "SchemingMind.com"]
[Date "2021.09.05"]
[Round "-"]
[White "Ilang"]
[Black "Ramesh Panwar"]
[Result "1-0"]
[WhiteCountry "HUN"]
[BlackCountry "IND"]
[WhiteElo "2486"]
[WhiteRD "100"]
[BlackElo "2530"]
[BlackRD "101"]
[GameID "714972"]

1. e4 c5 2. Nf3 e6 3. d4 cxd4 4. Nxd4 a6 5. Bd3 Nf6 6. O-O Qc7 7. Qe2 d5 8. exd5 Nxd5 9. g3 Bc5 10. Nb3 Bd6
11. c4 Nf6 12. Nc3 O-O 13. Be3 Nbd7 14. Rfd1 h6 15. Rac1 b6 16. Ne4 Nxe4 17. Bxe4 Rb8 18. Bb1 Be7 19. Bf4 e5 20. Rd5 Bg5
21. Bxg5 hxg5 22. c5 bxc5 23. Nxc5 Nf6 24. Rxe5 Bh3 25. Bf5 Rfe8 26. Rxe8+ Rxe8 27. Qc2 g4 28. Nd3 Qe7 29. Qc5 Qb7 30. Qc6 Qe7
31. Bc8 a5 32. Ba6 Qe2 33. a4 Re6 34. Qc8+ Kh7 35. Nf4 Qf3 36. Bd3+ Ne4 37. Qc5 g6 38. Qd4 Ng5 39. Qd8 Kh6 40. Bb5 Qb7
41. Qh8+ Nh7 42. Qc3 Rd6 43. Nxh3 gxh3 44. Bf1 Qd7 45. b3 Rd5 46. Qb2 f6 47. Qc3 Re5 48. Qc6 Qxc6 49. Rxc6 Re1 50. f4 Rb1
51. Rb6 Kg7 52. g4 g5 53. f5 Nf8 54. Rb7+ Kh6 55. b4 axb4 56. a5 b3 57. a6 b2 58. Kf2 Nd7 59. Bd3 Ra1 60. Rxb2 Nc5
61. Be2 Ra3 62. Rc2 Ne4+ 63. Kg1 Kg7 64. Rc7+ Kf8 65. Bf1 Nd2 66. a7 Ra1 67. Kf2 Nxf1 68. Rc8+ Ke7 69. a8=Q Rxa8 70. Rxa8 Nxh2
71. Ra7+ Kd6 72. Kg3
1-0

[Event "only the better players (knockout)"]
[Site "SchemingMind.com"]
[Date "2021.09.05"]
[Round "-"]
[White "Ramesh Panwar"]
[Black "Ilang"]
[Result "1/2-1/2"]
[WhiteCountry "IND"]
[BlackCountry "HUN"]
[WhiteElo "2551"]
[WhiteRD "100"]
[BlackElo "2483"]
[BlackRD "117"]
[GameID "714973"]

1. d4 d5 2. c4 c6 3. Nf3 Nf6 4. Nc3 e6 5. e3 Nbd7 6. Bd3 dxc4 7. Bxc4 b5 8. Bd3 Bb7 9. O-O a6 10. e4 c5
11. d5 Qc7 12. dxe6 fxe6 13. Bc2 Bd6 14. Ng5 Nf8 15. f4 O-O-O 16. Qe2 h6 17. Nf3 Bxf4 18. Bxf4 Qxf4 19. Rae1 Ng4 20. g3 Qb8
21. e5 Bxf3 22. Qxf3 Nxe5 23. Rxe5 Qxe5 24. Qa8+ Qb8=
1/2-1/2

[Event "only the better players (knockout)"]
[Site "SchemingMind.com"]
[Date "2021.11.30"]
[Round "-"]
[White "The Chess Machine"]
[Black "Ilang"]
[Result "1/2-1/2"]
[WhiteCountry "ENG"]
[BlackCountry "HUN"]
[WhiteElo "2543"]
[WhiteRD "77"]
[BlackElo "2486"]
[BlackRD "100"]
[GameID "718021"]

1. c4 e5 2. Nc3 Nf6 3. Nf3 Nc6 4. g3 d5 5. cxd5 Nxd5 6. Bg2 Nb6 7. O-O Be7 8. d3 O-O 9. a3 Be6 10. b4 a5
11. b5 Nd4 12. Nd2 c6 13. bxc6 Nxc6 14. Rb1 a4 15. Nc4 Nxc4 16. dxc4 Bxc4 17. Qxd8 Nxd8 18. Rd1 f6 19. Bd5+ Bxd5 20. Nxd5 Bc5
21. Be3 Bxe3 22. fxe3 Ra5 23. Ne7+ Kf7 24. Nc8 Ra8 25. Rd7+ Kg6 26. Ne7+ Kf7 27. Rbd1 Ne6 28. Nf5+ Kg6 29. Nh4+ Kh6 30. Rxb7 g6
31. Rdd7 Rh8 32. Ra7=
1/2-1/2

[Event "only the better players (knockout)"]
[Site "SchemingMind.com"]
[Date "2021.11.30"]
[Round "-"]
[White "Ilang"]
[Black "The Chess Machine"]
[Result "1/2-1/2"]
[WhiteCountry "HUN"]
[BlackCountry "ENG"]
[WhiteElo "2486"]
[WhiteRD "100"]
[BlackElo "2543"]
[BlackRD "77"]
[GameID "718022"]

1. e4 e6 2. d4 c5 3. Nf3 cxd4 4. Nxd4 Nc6 5. Nc3 Qc7 6. Be3 a6 7. Be2 Nf6 8. O-O Be7 9. f4 d6 10. Qe1 Nxd4
11. Bxd4 O-O 12. Qg3 b5 13. a3 Bb7 14. Kh1 Rad8 15. Rae1 Rd7 16. Bd3 Bd8 17. e5 dxe5 18. Bxe5 Qb6 19. f5 g6 20. fxe6 fxe6
21. Ne2 Nh5 22. Rxf8+ Kxf8 23. Qg4 Nf6 24. Rf1 Rf7 25. Qh3 Nh5 26. Rxf7+ Kxf7 27. Nd4 Bf6 28. Bxf6 Nxf6 29. Qe3 Bd5 30. c3 Nd7=
1/2-1/2